000 00495nam a2200181Ia 4500
001 20618
005 20260306172819.0
008 260306t2021||||xx |||||||||||||| ||spa||
041 _aESP
082 _a343.6
_bA47I
100 _aAlva Matteucci, Mario
_eAUT
245 0 _aImplicancias tributarias y contables por incumplimiento contractual en el contexto del Covid-19
260 _c2021
300 _a318 páginas :
_c25 cm.
650 _aGEN
654 _aCDE
942 _cLIB
_dJUS
_fJUS
_2ddc
_n
999 _c20618
_d20618